[Event "Turniej Przyjazni Polsko-Wegierskiej"]
[Site "Katowice"]
[Date "2018.05.05"]
[Round "9.9"]
[White "Socko, Monika"]
[Black "Madrawski, Krzysztof"]
[Result "1/2-1/2"]
[BlackElo "2023"]
[WhiteElo "2360"]
[LiveChessVersion "1.4.8"]

1. d4 {[%clk 0:15:19]} Nf6 {[%clk 0:15:16]} 2. c4 {[%clk 0:15:28]} b6
{[%clk 0:15:25]} 3. Nf3 {[%clk 0:15:33]} Bb7 {[%clk 0:15:33]} 4. g3
{[%clk 0:15:41]} g6 {[%clk 0:15:41]} 5. Bg2 {[%clk 0:15:48]} Bg7 {[%clk 0:15:49]}
6. O-O {[%clk 0:15:52]} O-O {[%clk 0:15:56]} 7. Nc3 {[%clk 0:16:01]} Ne4
{[%clk 0:15:58]} 8. Qc2 {[%clk 0:15:56]} Nxc3 {[%clk 0:16:05]} 9. bxc3
{[%clk 0:15:42]} d6 {[%clk 0:15:59]} 10. e4 {[%clk 0:15:22]} Nc6 {[%clk 0:15:43]}
11. Rd1 {[%clk 0:15:14]} e5 {[%clk 0:15:41]} 12. Bg5 {[%clk 0:14:58]} Qe8
{[%clk 0:14:12]} 13. Rac1 {[%clk 0:12:04]} Na5 {[%clk 0:13:38]} 14. dxe5
{[%clk 0:12:12]} dxe5 {[%clk 0:13:34]} 15. c5 {[%clk 0:12:18]} bxc5
{[%clk 0:13:29]} 16. Be3 {[%clk 0:11:52]} Qc6 {[%clk 0:13:19]} 17. Rd5
{[%clk 0:11:49]} Nc4 {[%clk 0:12:42]} 18. Bxc5 {[%clk 0:11:03]} Rfd8
{[%clk 0:12:38]} 19. Rxd8+ {[%clk 0:08:57]} Rxd8 {[%clk 0:12:43]} 20. Bxa7
{[%clk 0:09:06]} Qxe4 {[%clk 0:12:29]} 21. Qxe4 {[%clk 0:07:19]} Bxe4
{[%clk 0:12:37]} 22. Nxe5 {[%clk 0:07:17]} Bxg2 {[%clk 0:11:59]} 23. Nxc4
{[%clk 0:07:26]} Bd5 {[%clk 0:11:34]} 24. Rd1 {[%clk 0:06:02]} Bf6
{[%clk 0:11:36]} 25. Ne3 {[%clk 0:05:46]} Bxa2 {[%clk 0:11:41]} 26. Bd4
{[%clk 0:05:03]} Be7 {[%clk 0:10:24]} 1/2-1/2

[Event "Turniej Przyjazni Polsko-Wegierskiej"]
[Site "Katowice"]
[Date "2018.05.05"]
[Round "9.10"]
[White "Piesik, Piotr"]
[Black "Cieslar, Michal"]
[Result "1-0"]
[BlackElo "2153"]
[WhiteElo "2341"]
[LiveChessVersion "1.4.8"]

1. Nf3 {[%clk 0:15:19]} d6 {[%clk 0:15:13]} 2. d4 {[%clk 0:15:25]} g6
{[%clk 0:15:22]} 3. g3 {[%clk 0:15:34]} Bg7 {[%clk 0:15:31]} 4. Bg2
{[%clk 0:15:43]} Nd7 {[%clk 0:15:41]} 5. O-O {[%clk 0:15:51]} e5 {[%clk 0:15:49]}
6. dxe5 {[%clk 0:16:00]} dxe5 {[%clk 0:15:58]} 7. e4 {[%clk 0:16:09]} Ne7
{[%clk 0:15:54]} 8. Qe2 {[%clk 0:16:15]} c6 {[%clk 0:16:00]} 9. a4
{[%clk 0:16:19]} O-O {[%clk 0:16:07]} 10. b3 {[%clk 0:16:23]} h6 {[%clk 0:15:12]}
11. Bb2 {[%clk 0:16:24]} Qc7 {[%clk 0:15:01]} 12. Ba3 {[%clk 0:15:39]} Re8
{[%clk 0:15:08]} 13. Nbd2 {[%clk 0:15:42]} f5 {[%clk 0:14:56]} 14. Rad1
{[%clk 0:15:48]} Nf6 {[%clk 0:14:56]} 15. exf5 {[%clk 0:15:43]} Nxf5
{[%clk 0:14:55]} 16. Ne4 {[%clk 0:15:35]} Nxe4 {[%clk 0:14:22]} 17. Qxe4
{[%clk 0:15:44]} Be6 {[%clk 0:14:25]} 18. g4 {[%clk 0:14:13]} Bd5
{[%clk 0:14:17]} 19. Rxd5 {[%clk 0:14:14]} cxd5 {[%clk 0:14:13]} 20. Qxd5+
{[%clk 0:14:23]} Kh8 {[%clk 0:14:17]} 21. gxf5 {[%clk 0:14:31]} Qxc2
{[%clk 0:14:22]} 22. Nh4 {[%clk 0:14:10]} gxf5 {[%clk 0:13:58]} 23. Qf7
{[%clk 0:13:47]} f4 {[%clk 0:12:08]} 24. Nf5 {[%clk 0:13:03]} Rg8
{[%clk 0:11:55]} 25. Be7 {[%clk 0:11:13]} Kh7 {[%clk 0:07:48]} 26. Nd6
{[%clk 0:11:13]} Qg6 {[%clk 0:07:50]} 27. Qxg6+ {[%clk 0:10:24]} Kxg6
{[%clk 0:07:59]} 28. Bd5 {[%clk 0:10:23]} Bf8 {[%clk 0:07:15]} 29. Bf7+
{[%clk 0:08:17]} Kg7 {[%clk 0:07:13]} 30. Bxg8 {[%clk 0:08:22]} Kxg8
{[%clk 0:06:31]} 31. Bxf8 {[%clk 0:08:28]} Kxf8 {[%clk 0:06:36]} 32. Nxb7
{[%clk 0:08:27]} Ke7 {[%clk 0:06:45]} 33. Re1 {[%clk 0:07:55]} Ke6
{[%clk 0:06:48]} 34. Nc5+ {[%clk 0:08:03]} Kf5 {[%clk 0:06:53]} 35. f3
{[%clk 0:08:02]} Rd8 {[%clk 0:07:01]} 36. Kf2 {[%clk 0:07:47]} Rd2+
{[%clk 0:06:59]} 37. Re2 {[%clk 0:07:55]} Rd1 {[%clk 0:07:06]} 38. b4
{[%clk 0:07:47]} h5 {[%clk 0:07:10]} 39. Ne4 {[%clk 0:07:32]} h4 {[%clk 0:07:16]}
40. Rd2 {[%clk 0:07:24]} Ra1 {[%clk 0:07:18]} 41. Rd6 {[%clk 0:07:25]} Ra2+
{[%clk 0:07:26]} 42. Kg1 {[%clk 0:07:31]} Ra1+ {[%clk 0:07:34]} 43. Kg2
{[%clk 0:07:39]} 1-0

[Event "Turniej Przyjazni Polsko-Wegierskiej"]
[Site "Katowice"]
[Date "2018.05.05"]
[Round "9.11"]
[White "Koziol, Kamil"]
[Black "Bartel, Michal"]
[Result "0-1"]
[BlackElo "2320"]
[WhiteElo "2063"]
[LiveChessVersion "1.4.8"]

1. e4 {[%clk 0:15:18]} e5 {[%clk 0:15:19]} 2. Nf3 {[%clk 0:15:26]} Nc6
{[%clk 0:15:28]} 3. Nc3 {[%clk 0:15:34]} g6 {[%clk 0:15:28]} 4. d4
{[%clk 0:14:19]} exd4 {[%clk 0:15:37]} 5. Nxd4 {[%clk 0:14:27]} Bg7
{[%clk 0:15:45]} 6. Nde2 {[%clk 0:14:26]} Nf6 {[%clk 0:15:44]} 7. g3
{[%clk 0:14:30]} O-O {[%clk 0:15:51]} 8. Bg2 {[%clk 0:14:37]} Re8
{[%clk 0:15:52]} 9. O-O {[%clk 0:14:20]} Rb8 {[%clk 0:16:00]} 10. Bg5
{[%clk 0:13:31]} h6 {[%clk 0:16:06]} 11. Be3 {[%clk 0:12:53]} d6 {[%clk 0:14:53]}
12. h3 {[%clk 0:12:14]} Bd7 {[%clk 0:13:49]} 13. Kh2 {[%clk 0:11:56]} b5
{[%clk 0:13:47]} 14. a3 {[%clk 0:11:05]} a5 {[%clk 0:13:52]} 15. f3
{[%clk 0:07:09]} b4 {[%clk 0:13:46]} 16. axb4 {[%clk 0:07:04]} axb4
{[%clk 0:13:55]} 17. Na4 {[%clk 0:06:16]} d5 {[%clk 0:12:18]} 18. Nc5
{[%clk 0:05:11]} dxe4 {[%clk 0:12:25]} 19. fxe4 {[%clk 0:05:19]} Ne5
{[%clk 0:12:20]} 20. Bf4 {[%clk 0:04:41]} Bb5 {[%clk 0:12:19]} 21. Qe1
{[%clk 0:03:53]} Qe7 {[%clk 0:11:36]} 22. Bxe5 {[%clk 0:02:37]} Qxe5
{[%clk 0:11:35]} 23. Nd3 {[%clk 0:02:46]} Qe7 {[%clk 0:11:17]} 24. Qf2
{[%clk 0:02:37]} b3 {[%clk 0:11:14]} 25. Nd4 {[%clk 0:02:15]} Nxe4
{[%clk 0:09:12]} 26. Bxe4 {[%clk 0:01:59]} Bxd4 {[%clk 0:09:20]} 27. Qxd4
{[%clk 0:01:32]} Qxe4 {[%clk 0:09:29]} 28. Qf6 {[%clk 0:00:50]} Qe7
{[%clk 0:09:18]} 29. Qf4 {[%clk 0:00:32]} bxc2 {[%clk 0:09:20]} 30. Rae1
{[%clk 0:00:37]} Qd7 {[%clk 0:09:00]} 31. Nc5 {[%clk 0:00:23]} Qf5
{[%clk 0:08:29]} 32. Rxe8+ {[%clk 0:00:14]} Rxe8 {[%clk 0:08:38]} 33. Qxf5
{[%clk 0:00:14]} gxf5 {[%clk 0:08:46]} 34. Rc1 {[%clk 0:00:23]} Re2+
{[%clk 0:08:53]} 35. Kg1 {[%clk 0:00:30]} Bc4 {[%clk 0:08:41]} 36. g4
{[%clk 0:00:24]} Rd2 {[%clk 0:08:48]} 0-1

[Event "Turniej Przyjazni Polsko-Wegierskiej"]
[Site "Katowice"]
[Date "2018.05.05"]
[Round "9.12"]
[White "Kempinski, Robert"]
[Black "Dzierzak, Radoslaw"]
[Result "1-0"]
[BlackElo "2109"]
[WhiteElo "2583"]
[LiveChessVersion "1.4.8"]

1. d4 {[%clk 0:15:17]} Nf6 {[%clk 0:15:18]} 2. c4 {[%clk 0:15:25]} e6
{[%clk 0:15:27]} 3. Nc3 {[%clk 0:15:33]} Bb4 {[%clk 0:15:34]} 4. Qc2
{[%clk 0:15:41]} O-O {[%clk 0:15:41]} 5. Nf3 {[%clk 0:15:30]} c5 {[%clk 0:15:50]}
6. dxc5 {[%clk 0:15:38]} Na6 {[%clk 0:15:57]} 7. g3 {[%clk 0:15:21]} Nxc5
{[%clk 0:16:05]} 8. Bg2 {[%clk 0:15:28]} b6 {[%clk 0:16:13]} 9. O-O
{[%clk 0:15:32]} Bb7 {[%clk 0:16:22]} 10. Bf4 {[%clk 0:15:13]} Nce4
{[%clk 0:16:06]} 11. Nxe4 {[%clk 0:14:27]} Bxe4 {[%clk 0:16:09]} 12. Qa4
{[%clk 0:14:14]} Be7 {[%clk 0:15:21]} 13. Rfd1 {[%clk 0:14:15]} Qc8
{[%clk 0:14:36]} 14. Ne5 {[%clk 0:13:43]} Bxg2 {[%clk 0:13:19]} 15. Kxg2
{[%clk 0:13:48]} Qb7+ {[%clk 0:13:15]} 16. f3 {[%clk 0:13:35]} d5
{[%clk 0:13:06]} 17. Qc6 {[%clk 0:12:48]} Qxc6 {[%clk 0:09:21]} 18. Nxc6
{[%clk 0:12:56]} Rfe8 {[%clk 0:09:29]} 19. Nxe7+ {[%clk 0:12:37]} Rxe7
{[%clk 0:09:37]} 20. Rac1 {[%clk 0:12:25]} dxc4 {[%clk 0:09:08]} 21. Rxc4
{[%clk 0:12:29]} Nd5 {[%clk 0:09:15]} 22. Bd2 {[%clk 0:12:20]} Rd7
{[%clk 0:08:56]} 23. Rdc1 {[%clk 0:12:20]} f6 {[%clk 0:08:01]} 24. e4
{[%clk 0:12:02]} Ne7 {[%clk 0:08:07]} 25. Be3 {[%clk 0:12:09]} Rad8
{[%clk 0:06:48]} 26. Rc7 {[%clk 0:11:38]} Kf7 {[%clk 0:06:50]} 27. a4
{[%clk 0:11:46]} Ke8 {[%clk 0:06:13]} 28. b4 {[%clk 0:10:59]} Rxc7
{[%clk 0:05:44]} 29. Rxc7 {[%clk 0:11:07]} Rd7 {[%clk 0:05:53]} 30. Rc3
{[%clk 0:10:59]} Kd8 {[%clk 0:05:31]} 31. a5 {[%clk 0:10:54]} bxa5
{[%clk 0:04:46]} 32. bxa5 {[%clk 0:11:03]} a6 {[%clk 0:03:11]} 33. Rb3
{[%clk 0:10:29]} Kc7 {[%clk 0:02:57]} 34. Rb6 {[%clk 0:10:06]} Rd3
{[%clk 0:02:32]} 35. Kf2 {[%clk 0:09:27]} Nc6 {[%clk 0:01:27]} 36. Rxa6
{[%clk 0:09:34]} Ra3 {[%clk 0:01:16]} 37. f4 {[%clk 0:07:52]} Ra4
{[%clk 0:00:15]} 38. Ra8 {[%clk 0:06:51]} Rxa5 {[%clk 0:00:20]} 39. Rg8
{[%clk 0:06:57]} g6 {[%clk 0:00:17]} 40. Rg7+ {[%clk 0:06:56]} Kd6
{[%clk 0:00:26]} 41. Rxh7 {[%clk 0:07:05]} Ra2+ {[%clk 0:00:15]} 42. Kf3
{[%clk 0:07:11]} Ra3 {[%clk 0:00:24]} 43. Rh8 {[%clk 0:06:12]} Nd4+
{[%clk 0:00:31]} 44. Kf2 {[%clk 0:06:21]} Ra2+ {[%clk 0:00:40]} 45. Kf1
{[%clk 0:06:19]} Nf3 {[%clk 0:00:29]} 46. h3 {[%clk 0:05:43]} Nh2+
{[%clk 0:00:21]} 47. Ke1 {[%clk 0:05:52]} Nf3+ {[%clk 0:00:30]} 48. Kd1
{[%clk 0:06:00]} Rg2 {[%clk 0:00:26]} 49. g4 {[%clk 0:06:07]} f5 {[%clk 0:00:28]}
50. exf5 {[%clk 0:06:07]} exf5 {[%clk 0:00:31]} 51. Rh6 {[%clk 0:04:50]} Kd5
{[%clk 0:00:14]} 52. Rxg6 {[%clk 0:04:52]} Ke4 {[%clk 0:00:13]} 53. Re6+
{[%clk 0:04:02]} Kd3 {[%clk 0:00:21]} 54. gxf5 {[%clk 0:03:47]} Rh2
{[%clk 0:00:17]} 55. Kc1 {[%clk 0:03:52]} Kc3 {[%clk 0:00:11]} 56. Kb1
{[%clk 0:03:30]} Rxh3 57. f6 {[%clk 0:03:27]} Kb3 {[%clk 0:00:15]} 58. Bc1
{[%clk 0:02:42]} Nd4 {[%clk 0:00:15]} 59. Re3+ {[%clk 0:01:27]} Rxe3
{[%clk 0:00:23]} 60. Bxe3 {[%clk 0:01:35]} Ne6 {[%clk 0:00:31]} 61. f7
{[%clk 0:01:43]} Kc4 {[%clk 0:00:37]} 62. f5 {[%clk 0:01:51]} Nf8
{[%clk 0:00:44]} 63. Bh6 {[%clk 0:01:59]} Nd7 {[%clk 0:00:46]} 64. f8=Q
{[%clk 0:02:03]} Nxf8 {[%clk 0:00:54]} 65. Bxf8 {[%clk 0:02:12]} Kd5
{[%clk 0:01:03]} 66. Be7 {[%clk 0:02:14]} Ke5 {[%clk 0:01:01]} 67. f6
{[%clk 0:02:22]} Ke6 {[%clk 0:01:10]} 68. Kc2 {[%clk 0:02:30]} 1-0

[Event "Turniej Przyjazni Polsko-Wegierskiej"]
[Site "Katowice"]
[Date "2018.05.05"]
[Round "9.13"]
[White "Kolasinski, Krzysztof"]
[Black "Swayams, Mishra"]
[Result "0-1"]
[BlackElo "2518"]
[WhiteElo "2092"]
[LiveChessVersion "1.4.8"]

1. d4 {[%clk 0:15:16]} Nf6 {[%clk 0:15:18]} 2. c4 {[%clk 0:15:22]} e6
{[%clk 0:15:26]} 3. Nc3 {[%clk 0:15:29]} Bb4 {[%clk 0:15:35]} 4. e3
{[%clk 0:15:32]} O-O {[%clk 0:15:41]} 5. a3 {[%clk 0:15:40]} Bxc3+
{[%clk 0:15:49]} 6. bxc3 {[%clk 0:15:48]} b6 {[%clk 0:15:16]} 7. Bd3
{[%clk 0:15:56]} Bb7 {[%clk 0:15:10]} 8. f3 {[%clk 0:16:02]} c5 {[%clk 0:15:06]}
9. Ne2 {[%clk 0:16:10]} Nc6 {[%clk 0:15:09]} 10. O-O {[%clk 0:16:13]} Rc8
{[%clk 0:15:04]} 11. e4 {[%clk 0:15:09]} Ne8 {[%clk 0:15:11]} 12. Be3
{[%clk 0:12:04]} Na5 13. e5 {[%clk 0:06:42]} cxd4 {[%clk 0:15:11]} 14. Bxd4
{[%clk 0:06:49]} Nxc4 {[%clk 0:15:02]} 15. f4 {[%clk 0:06:43]} f5
{[%clk 0:14:54]} 16. exf6 {[%clk 0:06:47]} Nxf6 {[%clk 0:15:02]} 17. f5
{[%clk 0:06:44]} Nb2 {[%clk 0:15:08]} 18. Qb1 {[%clk 0:06:41]} Nxd3
{[%clk 0:15:16]} 19. Qxd3 {[%clk 0:06:32]} Be4 {[%clk 0:15:22]} 20. Qa6
{[%clk 0:04:34]} exf5 {[%clk 0:14:50]} 21. Ng3 {[%clk 0:03:51]} Nd5
{[%clk 0:11:50]} 22. Nxe4 {[%clk 0:02:42]} fxe4 {[%clk 0:11:59]} 23. Rxf8+
{[%clk 0:02:50]} Qxf8 {[%clk 0:12:08]} 24. Qxa7 {[%clk 0:02:36]} Qd6
{[%clk 0:11:49]} 25. Re1 {[%clk 0:01:27]} Qc6 {[%clk 0:11:35]} 26. Qa6
{[%clk 0:01:28]} Nxc3 {[%clk 0:11:29]} 27. Bxc3 {[%clk 0:00:27]} Qxc3
{[%clk 0:11:36]} 28. Rxe4 {[%clk 0:00:35]} Qc5+ {[%clk 0:11:38]} 29. Kf1
{[%clk 0:00:39]} Qf5+ {[%clk 0:11:38]} 0-1

[Event "Turniej Przyjazni Polsko-Wegierskiej"]
[Site "Katowice"]
[Date "2018.05.05"]
[Round "9.14"]
[White "Orzech, Dominik"]
[Black "Zgadzaj, Rafal"]
[Result "0-1"]
[BlackElo "2076"]
[WhiteElo "2417"]
[LiveChessVersion "1.4.8"]

1. Nf3 {[%clk 0:15:18]} c5 {[%clk 0:15:08]} 2. g3 {[%clk 0:15:25]} Nc6
{[%clk 0:15:16]} 3. Bg2 {[%clk 0:15:34]} Nf6 {[%clk 0:15:11]} 4. c4
{[%clk 0:15:36]} d5 {[%clk 0:14:37]} 5. cxd5 {[%clk 0:15:35]} Nxd5
{[%clk 0:14:45]} 6. O-O {[%clk 0:15:15]} e5 {[%clk 0:14:39]} 7. Nc3
{[%clk 0:15:12]} Nc7 {[%clk 0:14:37]} 8. d3 {[%clk 0:15:16]} Be7 {[%clk 0:14:28]}
9. Nd2 {[%clk 0:15:21]} O-O {[%clk 0:13:47]} 10. Nc4 {[%clk 0:15:23]} f6
{[%clk 0:13:30]} 11. f4 {[%clk 0:15:29]} exf4 {[%clk 0:12:57]} 12. gxf4
{[%clk 0:14:40]} Be6 {[%clk 0:11:25]} 13. f5 {[%clk 0:14:27]} Bf7
{[%clk 0:11:09]} 14. Kh1 {[%clk 0:13:54]} Qd7 {[%clk 0:10:51]} 15. b3
{[%clk 0:13:57]} Rad8 {[%clk 0:10:00]} 16. Bf4 {[%clk 0:13:39]} Nd5
{[%clk 0:09:46]} 17. Ne4 {[%clk 0:13:09]} Nxf4 {[%clk 0:08:39]} 18. Rxf4
{[%clk 0:13:15]} b5 {[%clk 0:08:49]} 19. Ne3 {[%clk 0:12:06]} Ne5
{[%clk 0:08:40]} 20. Qc2 {[%clk 0:11:21]} Qc7 {[%clk 0:07:44]} 21. Raf1
{[%clk 0:09:46]} Rc8 {[%clk 0:06:03]} 22. Ng4 {[%clk 0:09:37]} Rfd8
{[%clk 0:05:49]} 23. Qc1 {[%clk 0:09:22]} Nxg4 {[%clk 0:05:36]} 24. Rxg4
{[%clk 0:09:29]} Bh5 {[%clk 0:05:41]} 25. Rg3 {[%clk 0:07:31]} Kh8
{[%clk 0:05:23]} 26. Qe3 {[%clk 0:06:09]} c4 {[%clk 0:05:13]} 27. bxc4
{[%clk 0:06:12]} bxc4 {[%clk 0:05:22]} 28. Rg1 {[%clk 0:06:07]} c3
{[%clk 0:05:00]} 29. Bf3 {[%clk 0:05:56]} Bxf3+ {[%clk 0:04:50]} 30. Qxf3
{[%clk 0:05:56]} c2 {[%clk 0:03:25]} 31. Rxg7 {[%clk 0:04:35]} c1=Q
{[%clk 0:03:19]} 32. Rxh7+ {[%clk 0:02:57]} Kxh7 {[%clk 0:03:27]} 33. Qh5+
{[%clk 0:03:02]} Qh6 {[%clk 0:03:34]} 34. Qf7+ {[%clk 0:03:09]} Kh8
{[%clk 0:03:41]} 0-1

[Event "Turniej Przyjazni Polsko-Wegierskiej"]
[Site "Katowice"]
[Date "2018.05.05"]
[Round "9.15"]
[White "Majdan, Joanna"]
[Black "Sanz Wawer, Daniel"]
[Result "1/2-1/2"]
[BlackElo "2075"]
[WhiteElo "2260"]
[LiveChessVersion "1.4.8"]

1. e4 {[%clk 0:15:19]} c5 {[%clk 0:15:19]} 2. Nc3 {[%clk 0:15:27]} Nc6
{[%clk 0:15:27]} 3. Bb5 {[%clk 0:15:36]} g6 {[%clk 0:15:30]} 4. Bxc6
{[%clk 0:15:39]} bxc6 {[%clk 0:15:38]} 5. d3 {[%clk 0:15:34]} Bg7
{[%clk 0:15:45]} 6. Be3 {[%clk 0:15:37]} d6 {[%clk 0:15:47]} 7. Qd2
{[%clk 0:15:42]} Rb8 {[%clk 0:15:31]} 8. Rb1 {[%clk 0:15:32]} Qa5
{[%clk 0:14:58]} 9. Nge2 {[%clk 0:15:38]} Nf6 {[%clk 0:15:02]} 10. h3
{[%clk 0:15:30]} d5 {[%clk 0:14:31]} 11. exd5 {[%clk 0:14:02]} cxd5
{[%clk 0:13:30]} 12. d4 {[%clk 0:14:10]} cxd4 {[%clk 0:13:05]} 13. Bxd4
{[%clk 0:14:18]} Bb7 {[%clk 0:11:12]} 14. O-O {[%clk 0:12:29]} O-O
{[%clk 0:11:18]} 15. Rfe1 {[%clk 0:12:27]} Rfe8 {[%clk 0:10:18]} 16. Nc1
{[%clk 0:11:56]} Qc7 {[%clk 0:09:25]} 17. Be5 {[%clk 0:08:45]} Ne4
{[%clk 0:07:02]} 18. Bxc7 {[%clk 0:08:51]} Nxd2 {[%clk 0:07:10]} 19. Bxb8
{[%clk 0:07:02]} Nxb1 {[%clk 0:07:17]} 20. Nxb1 {[%clk 0:05:49]} Rxb8
{[%clk 0:07:24]} 21. Nd3 {[%clk 0:05:09]} Re8 {[%clk 0:06:02]} 22. Na3
{[%clk 0:04:12]} Bc6 {[%clk 0:05:19]} 23. Ne5 {[%clk 0:04:08]} Bxe5
{[%clk 0:04:05]} 24. Rxe5 {[%clk 0:04:17]} f6 {[%clk 0:03:59]} 25. Re6
{[%clk 0:04:26]} Bb7 {[%clk 0:04:06]} 26. Nb5 {[%clk 0:04:11]} Kf7
{[%clk 0:04:14]} 27. Re3 {[%clk 0:03:29]} a6 {[%clk 0:04:15]} 28. Nc7
{[%clk 0:03:38]} Rc8 {[%clk 0:03:56]} 29. Ne6 {[%clk 0:03:47]} Bc6
{[%clk 0:03:15]} 30. f4 {[%clk 0:03:57]} Ba4 {[%clk 0:02:17]} 31. b3
{[%clk 0:03:59]} Bd7 {[%clk 0:02:25]} 32. Nd4 {[%clk 0:04:07]} Re8
{[%clk 0:02:26]} 33. Nf3 {[%clk 0:04:02]} Bf5 {[%clk 0:02:30]} 34. c4
{[%clk 0:03:59]} dxc4 {[%clk 0:02:12]} 35. bxc4 {[%clk 0:04:08]} Rc8
{[%clk 0:02:18]} 36. Nd2 {[%clk 0:03:39]} Rc5 {[%clk 0:02:09]} 37. Ra3
{[%clk 0:03:31]} a5 {[%clk 0:02:09]} 38. Kf2 {[%clk 0:03:40]} e5 {[%clk 0:02:05]}
39. fxe5 {[%clk 0:03:39]} fxe5 {[%clk 0:02:08]} 40. Ke3 {[%clk 0:03:47]} Ke6
{[%clk 0:01:25]} 41. g4 {[%clk 0:03:51]} Bc2 {[%clk 0:01:32]} 42. Rc3
{[%clk 0:03:56]} Ba4 {[%clk 0:01:18]} 43. Ne4 {[%clk 0:04:04]} Rc7
{[%clk 0:01:15]} 44. Ra3 {[%clk 0:03:58]} Bc2 {[%clk 0:01:02]} 45. Nd2
{[%clk 0:03:50]} Rc5 {[%clk 0:00:55]} 46. Rc3 {[%clk 0:03:53]} Ba4
{[%clk 0:01:02]} 47. Ne4 {[%clk 0:04:00]} Rc7 {[%clk 0:01:11]} 48. Ra3
{[%clk 0:02:42]} Bc2 {[%clk 0:01:19]} 49. Nd2 {[%clk 0:02:50]} Rc5
{[%clk 0:01:24]} 50. Rc3 {[%clk 0:02:50]} Ba4 {[%clk 0:01:25]} 1/2-1/2

[Event "Turniej Przyjazni Polsko-Wegierskiej"]
[Site "Katowice"]
[Date "2018.05.05"]
[Round "9.16"]
[White "Kot, Jerzy"]
[Black "Tworzydlo, Piotr"]
[Result "0-1"]
[BlackElo "2196"]
[WhiteElo "2039"]
[LiveChessVersion "1.4.8"]

1. g3 {[%clk 0:15:18]} Nf6 {[%clk 0:15:09]} 2. Bg2 {[%clk 0:15:27]} c5
{[%clk 0:14:51]} 3. Nf3 {[%clk 0:15:34]} g6 {[%clk 0:14:55]} 4. O-O
{[%clk 0:15:42]} Bg7 {[%clk 0:15:02]} 5. c4 {[%clk 0:15:48]} O-O {[%clk 0:14:17]}
6. Nc3 {[%clk 0:15:50]} Nc6 {[%clk 0:13:48]} 7. d4 {[%clk 0:15:57]} cxd4
{[%clk 0:13:51]} 8. Nxd4 {[%clk 0:16:06]} Nxd4 {[%clk 0:13:01]} 9. Qxd4
{[%clk 0:16:14]} d6 {[%clk 0:12:57]} 10. b3 {[%clk 0:16:05]} Qa5 {[%clk 0:11:44]}
11. Bb2 {[%clk 0:15:58]} Ng4 {[%clk 0:11:09]} 12. Qd2 {[%clk 0:15:57]} Qh5
{[%clk 0:10:56]} 13. h3 {[%clk 0:15:57]} Nf6 {[%clk 0:09:45]} 14. g4
{[%clk 0:14:58]} Qa5 {[%clk 0:06:06]} 15. Rad1 {[%clk 0:14:40]} Qc7
{[%clk 0:06:02]} 16. Qe3 {[%clk 0:13:41]} h6 {[%clk 0:05:15]} 17. Rd2
{[%clk 0:12:51]} a6 {[%clk 0:04:01]} 18. Rfd1 {[%clk 0:12:40]} Be6
{[%clk 0:03:52]} 19. Ne4 {[%clk 0:12:25]} Nxe4 {[%clk 0:03:47]} 20. Bxe4
{[%clk 0:10:28]} Bxb2 {[%clk 0:03:00]} 21. Rxb2 {[%clk 0:10:36]} Kg7
{[%clk 0:02:55]} 22. Qd4+ {[%clk 0:10:15]} f6 {[%clk 0:02:28]} 23. Rd3
{[%clk 0:10:03]} Rab8 {[%clk 0:02:33]} 24. f4 {[%clk 0:09:08]} Bf7
{[%clk 0:02:20]} 25. g5 {[%clk 0:07:21]} hxg5 {[%clk 0:02:18]} 26. fxg5
{[%clk 0:07:30]} b5 {[%clk 0:02:24]} 27. gxf6+ {[%clk 0:07:34]} exf6
{[%clk 0:02:33]} 28. cxb5 {[%clk 0:07:33]} Rxb5 {[%clk 0:02:25]} 29. Rc3
{[%clk 0:07:08]} Qe7 {[%clk 0:01:55]} 30. Rd2 {[%clk 0:06:26]} Rg5+
{[%clk 0:02:03]} 31. Kf1 {[%clk 0:06:26]} d5 {[%clk 0:01:55]} 32. Bg2
{[%clk 0:06:10]} Qd6 {[%clk 0:02:03]} 33. Rf3 {[%clk 0:06:05]} Be6
{[%clk 0:02:05]} 34. Qf4 {[%clk 0:05:43]} Qc5 {[%clk 0:01:54]} 35. Qd4
{[%clk 0:05:28]} Qc7 {[%clk 0:02:03]} 36. Rc3 {[%clk 0:05:12]} Qh2
{[%clk 0:02:07]} 37. Qg1 {[%clk 0:05:16]} Rf5+ {[%clk 0:01:23]} 38. Rf3
{[%clk 0:05:15]} Rxf3+ {[%clk 0:01:30]} 39. exf3 {[%clk 0:05:22]} Qe5
{[%clk 0:01:13]} 40. Qa7+ {[%clk 0:05:12]} Rf7 {[%clk 0:01:17]} 41. Qxa6
{[%clk 0:05:18]} Bf5 {[%clk 0:01:04]} 42. Qe2 {[%clk 0:05:09]} Qf4
{[%clk 0:01:01]} 43. Rxd5 {[%clk 0:01:20]} Rc7 {[%clk 0:01:10]} 44. Rd1
{[%clk 0:01:19]} Rc2 {[%clk 0:01:13]} 45. Qe7+ {[%clk 0:01:27]} Kh6
{[%clk 0:01:17]} 46. Qxf6 {[%clk 0:01:14]} Bd3+ {[%clk 0:01:20]} 47. Rxd3
{[%clk 0:01:09]} Qc1+ {[%clk 0:01:23]} 0-1